ბათუმის შოთა რუსთაველის სახელმწიფო უნივერსიტეტის ბიბლიოთეკა

უძველესი მეტალურგია და სამთო საქმე საქართველოში = Alte Metallurgie und Bergbau in Georgien = Древнейшая металлургия и горное дело в Грузии : (ბიბ.ჩანაწერი № 59903)

000 -ლიდერი
ფიქსირებული სიგრძის საკონტროლო ველი 02195nam a22002657a 4500
003 - საკონტროლო ნომრის იდენტიფიკატორი
საკონტროლო ველი Ge_BSU
005 - ბოლო ოპერაციის თარიღი და დრო
საკონტროლო ველი 20230508172938.0
008 - ფიქსირებული სიგრძის მონაცემთა ელემენტები - ზოგადი ინფორმაცია
ფიქსირებული სიგრძის საკონტროლო ველი 230508s2010 ge ||||| |||| 00| 0 geo d
020 ## - წიგნის საერთაშორისო სტანდარტული ნომერი
International Standard Book Number 9789941913853
041 ## - ენის კოდი
Language code of text/sound track or separate title geo
080 ## - უნივერსალური ათობითი კლასიფიკაციის ინდექსი
Universal Decimal Classification number 903.05(479.22)+669(479.22) უ-96
245 ## - ცნობა სათაურის შესახებ
Title უძველესი მეტალურგია და სამთო საქმე საქართველოში = Alte Metallurgie und Bergbau in Georgien = Древнейшая металлургия и горное дело в Грузии :
Remainder of title ძვ.წ. VI-III ათასწლეულებში /
Statement of responsibility, etc ირ. ღამბაშიძე, გ. მინდიაშვილი, გ. გოგოჭური [და სხვ.] ; [პროექტის ავტ. და ხელმძღვ., პ/მგ რედ.-გამომც. ირ. ღამბაშიძე ; წინათქმა დავით ლორთქიფანიძე ; მხატვ. ელ. სახვაძე] ; ქართველოლ., ჰუმანიტ. და სოც. მეცნ. რუსთაველის ფონდი, საქ. ეროვნ. მუზეუმი.
264 ## - წარმოების, გამოცემის, დისტრიბუციის და სხვა ცნობები
გამოცემის, წარმოების, დისტრიბუციის... ადგილი თბილისი :
გამოცემის, წარმოების, დისტრიბუციის... სახელწოდება მწიგნობარი,
გამოცემის, წარმოების, დისტრიბუციის... თარიღი 2010.
300 ## - ფიზიკური აღწერა
Extent 592 გვ. :
Other physical details ტაბ., სურ., რუქ., ცხრ. ;
Dimensions 29 სმ.
500 ## - ზოგადი შენიშვნა
General note პარალ. თავფურ. და რეზ. გერმ. და რუს.
501 ## - შენიშვნა თანმხლებ მასალაზე
With note კატალოგი: გვ. 261-504.
ტაბულები: გვ. 511-566
ანბ. საძიებელი: გვ. 567-584.
504 ## - BIBLIOGRAPHY, ETC. NOTE
Bibliography, etc ბიბლიოგრ.: გვ. 585-592.
653 ## - INDEX TERM--UNCONTROLLED
Uncontrolled term სამთო საქმე საქართველოში
653 ## - INDEX TERM--UNCONTROLLED
Uncontrolled term მეტალურგია საქართველოში.
700 ## - ADDED ENTRY--PERSONAL NAME
Personal name ღამბაშიძე, ირ.
Relator term ავტორი
9 (RLIN) 18041
700 ## - ADDED ENTRY--PERSONAL NAME
Personal name მინდიაშვილი, გ.,
Relator term ავტორი
9 (RLIN) 18042
700 ## - ADDED ENTRY--PERSONAL NAME
Personal name გოგოჭური, გ.
Relator term ავტორი
9 (RLIN) 18043
700 ## - ADDED ENTRY--PERSONAL NAME
Personal name კახიანი, კ.
Relator term ავტორი
9 (RLIN) 18044
942 ## - ADDED ENTRY ELEMENTS (KOHA)
Source of classification or shelving scheme
Koha item type წიგნი
ეგზემპლარები
ჩამოწერის სტატუსი დაკარგული ეგზემპლარის სტატუსი კლასიფიკაციის წყარო ან თაროზე გაწყობის სქემა დაზიანების სტატუსი არ გაიცემა მუდმივი მდებარეობა (დაცვის ადგილი) ამჟამინდელი ადგილსამყოფელი თაროზე განთავსების ადგილი შეძენის თარიღი ღირებულება, შესყიდვის ნორმალური ფასი სრული შენახვის შიფრი შტრიხკოდი ბოლო ოპერაციის თარიღი ეგზემპლარის მიმდევრობითი ნომერი (კეტერი?) Uniform Resource Identifier ფასის ძალაში შესვლის თარიღი ეგზემპლარის სახეობა საჯარო შენიშვნა
          ბათუმის შოთა რუსთაველის სახელმწიფო უნივერსიტეტის მთავარი ბიბლიოთეკა ბათუმის შოთა რუსთაველის სახელმწიფო უნივერსიტეტის მთავარი ბიბლიოთეკა წიგნსაცავი 2023-05-08 30.00 903.05(479.22)+669(479.22) უ-96 64383 2023-05-08 64383 ბსუ-ს საპატიო დოქტორის გურამ ლორთქიფანიძის საჩუქარი 2023-05-08 წიგნი 30 ლ.